000 00943nam a22001575i 4500
001 171009
003 ES-MaACL
005 20230906214521.0
008 090422s1872 sp |||| | spa d
100 1 _aEscalante, Eduardo.
_947463
245 1 3 _aEl rey de les criailles
_b: pieza de costumbres valencianas, en un acto y en verso /
_coriginal de Eduardo Escalante.
260 _aValencia :
_bLibrería de Juan Mariana y Sanz, editor,
_c1872 (
_fImp. de Juan Guix)
300 _a27 p. ;
_c18 cm.
500 _aEn port.: Escrita espresamente para el primer actor cómico D. Asensio Mora, y estrenada en su beneficio con estraordinario éxito en el teatro de la Libertad (antes Princesa), la noche del 20 de enero de 1872.
852 1 _aBA
_jF-8576(11)
_z.- Enc. pasta española
_q.- Falto de la cub. original
_z.- Enc. en un vol. facticio formando parte de la col. "Teatro español moderno", vol. 29
_z.- Firma manuscrita Gustavo Saenz Diez, 1872
999 _c171009
_d171009